ABALKIN, L. I. i koll.: Soveršenstvovanije socialističeskich proizvodstvennych otnošenij i effektivnosť proizvodstva

Bibliographic Details
Main Authors: Samson, Štefan Jozef, 1929- (Author), Oráčová, Viktória (Author)
Format: Article
Language:Slovak
Subjects:

MARC

LEADER 00000nab a2200000Ia 4500
001 vtls010816644
003 SK-MaSNL
005 20260303203700.0
008 230218|1981 xo |||||||||||||||||slo|
035 |a (urnnbn)urn:nbn:sk:snk:ar-a05978 
035 |a urn:nbn:sk:snk-ab5kz2 
035 |a (uuid)cfc47a29-9f4b-447a-a7d6-627a2b0ea606 
040 |a SNKBUCL  |b slo  |c SNKBUCL  |e AACR2 
041 0 |a slo 
044 |a xo  |c SK 
080 |a 070.447  |2 2001 
100 1 |a Samson, Štefan Jozef,  |d 1929-  |4 aut  |9 119597 
245 1 0 |a ABALKIN, L. I. i koll.: Soveršenstvovanije socialističeskich proizvodstvennych otnošenij i effektivnosť proizvodstva  |c Štefan Samson, Viktória Oráčová 
650 0 7 |a ekonomická efektívnosť  |2 SNKPH  |9 74879 
650 0 7 |a ekonomika  |2 SNKPH  |9 789 
650 0 7 |a socializmus  |2 SNKPH  |9 2151 
650 0 7 |a výrobné vzťahy  |2 SNK  |9 161270 
655 7 |a recenzie  |2 SNKPH  |9 21907 
700 1 |a Oráčová, Viktória  |4 aut  |9 1236439 
773 0 |t Ekonomický časopis : časopis pre ekonomickú teóriu, hospodársku politiku, spoločensko-ekonomické prognózovanie  |g Roč. 29, č. 6 (1981), s. 579-582 
787 0 8 |i Rec.:  |a ABALKIN, L. I.  |t Soveršenstvovanije socialističeskich proizvodstvennych otnošenij i effektivnosť proizvodstva  |d Moskva : Mysľ, 1980 
954 |a odborná, vedecká literatúra pôvodná (slovenská)  |2 lita 
958 |a OND 
958 |a EUIPO 
958 |a article5 
999 |c 2186653  |d 2188583